Địa lí kinh tế các nước XHCN ( ngoài Liên-xô )

Đã lưu trong:
書目詳細資料
主要作者: Đỗ Quốc Thông
格式: 圖書
語言:Undetermined
出版: Tp. HCM Trường Đại học sư phạm Tp. HCM 1986
主題:
標簽: 添加標簽
沒有標簽, 成為第一個標記此記錄!
Thư viện lưu trữ: Trung tâm Học liệu Trường Đại học Cần Thơ
LEADER 00588nam a2200181Ia 4500
001 CTU_5486
008 210402s9999 xx 000 0 und d
082 |a 330.9 
082 |b Th455 
100 |a Đỗ Quốc Thông 
245 0 |a Địa lí kinh tế các nước XHCN ( ngoài Liên-xô ) 
245 0 |c Đỗ Quốc Thông 
260 |a Tp. HCM 
260 |b Trường Đại học sư phạm Tp. HCM 
260 |c 1986 
650 |a economic geography 
904 |i Nguyễn Quang Điền, 960718 
980 |a Trung tâm Học liệu Trường Đại học Cần Thơ